|
|
|
|
| LEADER |
01616nam a2200289 a 4500 |
| 001 |
GR-MES3525 |
| 005 |
20250401094754.0 |
| 008 |
991111s1992 gr 000 0 gre d |
| 020 |
|
|
|a 9600209464
|
| 040 |
|
|
|a GrPaTEI
|b gre
|c GR-PaULI
|e AACR2
|
| 041 |
0 |
|
|a gre
|
| 082 |
0 |
4 |
|2 23
|a 351.495
|
| 100 |
1 |
|
|9 12045
|a Σπανού, Καλλιόπη
|e συγγραφέας
|
| 245 |
1 |
0 |
|a Οργάνωση και εξουσία :
|b προβλεψιμότητα και διαφάνεια στη δημόσια διοίκηση /
|c Καλλιόπη Σπανού.
|
| 260 |
|
|
|a Αθήνα :
|b Παπαζήσης,
|c 1992.
|
| 300 |
|
|
|a 315 σ. ;
|c 21 εκ.
|
| 504 |
|
|
|a Περιλαμβάνει βιβλιογραφικές παραπομπές.
|
| 650 |
|
4 |
|a Δημόσια διοίκηση
|9 3994
|z Ελλάδα
|
| 650 |
|
4 |
|a Εξουσία (Κοινωνικές επιστήμες)
|9 3675
|
| 650 |
|
4 |
|a ΔΗΜΟΣΙΑ ΔΙΟΙΚΗΣΗ
|
| 650 |
|
4 |
|a ΔΙΟΙΚΗΣΗ
|
| 650 |
|
4 |
|a ΠΟΛΙΤΙΚΗ ΕΞΟΥΣΙΑ
|
| 942 |
|
|
|2 ddc
|c BK
|
| 952 |
|
|
|0 0
|1 0
|2 ddc
|4 0
|6 352_200000000000000_ΣΠΑ
|7 0
|9 268129
|a MSLG
|b MSLG
|c BSC
|d 2021-01-17
|e 24
|f 0
|g 0.00
|l 0
|o 352.2 ΣΠΑ
|p 2420000004941
|r 2021-01-17 00:00:00
|t 1
|w 2021-01-17
|y BK15
|x 19991111 0 1
|x GrPaTEI
|
| 952 |
|
|
|0 0
|1 0
|2 ddc
|4 0
|6 352_200000000000000_ΣΠΑ
|7 0
|9 268130
|a MSLG
|b MSLG
|c BSC
|d 2021-01-17
|e 24
|f 0
|g 0.00
|l 0
|o 352.2 ΣΠΑ
|p 2420000005153
|r 2021-01-17 00:00:00
|t 1
|w 2021-01-17
|y BK15
|x 19991111 0 1
|x GrPaTEI
|
| 952 |
|
|
|0 0
|1 0
|2 ddc
|4 0
|6 351_495000000000000
|7 0
|9 380527
|a PTDE
|b PTDE
|d 2024-05-27
|i 13101
|l 0
|o 351.495
|p 025000304285
|r 2024-05-27 00:00:00
|t 3
|w 2024-05-27
|y BK15
|z Δωρεά
|
| 999 |
|
|
|c 154443
|d 154443
|